000 00700nam a22002297a 4500
005 20170124110046.0
010 _aA-755488
020 _c00.00
035 _aA-755488
037 _bCen Lib/Ret
040 _aDPL
_bEN
082 _a780.954
_bSTR
100 _aStrangways, A.H.Fox
_924561
245 _aThe music of Hindostan /
_cby A.H.Fox Strangways
260 _aNew Delhi
_bOriental Books Reprint Corporation
270 _a54,Rani Jhansi Road
_bNew Delhi
_e110055
300 _aix,364p. :
_c20cm(Hb)
_bill.
500 _aIncludes bibliographical references and index
650 _aHindustani music.
_929602
650 _aMuziek.
_924563
942 _2ddc
_cEN
_h780.954
_mSTR
999 _c128833
_d128833